| 000 | 00629nam a2200181Ia 4500 | ||
|---|---|---|---|
| 008 | 090630s9999 xx 000 0 und d | ||
| 082 | _b1702 | ||
| 100 | _aजोशी श्रीपाद. | ||
| 245 |
_aचिनारच्या छायेत. _cजोशी श्रीपाद. |
||
| 260 |
_bसुविचार. _c1962 |
||
| 300 | _a173 | ||
| 600 | _aजोशी श्रीपाद. | ||
| 630 | _aचिनारच्या छायेत. | ||
| 655 | _aप्रवास. | ||
| 700 | _aजोशी श्रीपाद. | ||
| 730 | _aचिनारच्या छायेत. | ||
| 942 | _cBOOK | ||
| 999 |
_c253558 _d253558 |
||